000 00480nam a2200193Ia 4500
001 13701
003 GE_BSU
008 181216s||||||||xx |||||||||||||| ||und||
040 _cGE_BSU
080 _a008
245 _aTreasures of National Trust
245 _cEdited by Robin Fedden. Associate editor Rosemary Joekes
260 _aLondon
260 _bBook club Associates
260 _c1976
300 _a207p.ill.25cm.
653 _aTreasures of National Trust
942 _cBK
999 _c46849
_d46849